000 00873nam a2200265Ia 4500
003 IN-BaIIA
008 211028s9999 xx s 000 0 eng d
020 _a978-3-540-21921-7 (Print)
020 _a978-3-540-40975-5 (Online)
022 _a0075-8450 (Print)
022 _a1616-6361 (Online)
040 _cIIA Library
100 _aBlaschke, David, ed.
_940126
245 0 _aHeavy Quark Physics
_h[eBook]
260 _aHeidelberg, Berlin
_bSpringer Berlin Heidelberg
_c2004
300 _aOnline resource
490 _aLecture Notes in Physics
650 _a Elementary Particles, Quantum Field Theory
650 _a Nuclear Physics, Heavy Ions, Hadrons
_938413
650 _aPhysics
_973
700 _aIvanov, Mikhal A., ed.
_940127
700 _aMannel, Thomas, ed.
_940128
856 _uhttp://doi.org/10.1007/b97728
_yClick Here to Access eBook
942 _cEB
999 _c21698
_d21698